Proyecto + investigación 2 : (Record no. 92827)
[ view plain ]
| 000 -LEADER | |
|---|---|
| campo de control de longitud fija | 01312nam a2200277 i 4500 |
| 001 - NÚMERO DE CONTROL | |
| campo de control | 92827 |
| 003 - IDENTIFICADOR DE NÚMERO DE CONTROL | |
| campo de control | ES-MaACL |
| 005 - FECHA Y HORA DE LA ÚLTIMA TRANSACCIÓN | |
| campo de control | 20240121122045.0 |
| 007 - CAMPO FIJO DE DESCRIPCIÓN FÍSICA--INFORMACIÓN GENERAL | |
| campo de control de longitud fija | t| |
| 008 - DATOS DE LONGITUD FIJA--INFORMACIÓN GENERAL | |
| campo de control de longitud fija | 211222s2012 sp a 00110dspa d |
| 020 ## - NÚMERO INTERNACIONAL ESTÁNDAR DEL LIBRO | |
| Número Internacional Estándar del Libro | 978-84-9749-507-3 |
| 080 ## - NÚMERO DE LA CLASIFICACIÓN DECIMAL UNIVERSAL | |
| Número de la Clasificación Decimal Universal | 72.036 |
| 245 00 - MENCIÓN DEL TÍTULO | |
| Título | Proyecto + investigación 2 : |
| Resto del título | la lógica del proyecto, 6 elementos + 1 acción / |
| Mención de responsabilidad, etc. | [editores], María Carreiro, Cándido López. |
| 260 ## - PUBLICACIÓN, DISTRIBUCIÓN, ETC. | |
| Lugar de publicación, distribución, etc. | A Coruña : |
| Nombre del editor, distribuidor, etc. | ETSA Coruña : |
| -- | Universidade da Coruña, |
| Fecha de publicación, distribución, etc. | 2012. |
| 300 ## - DESCRIPCIÓN FÍSICA | |
| Extensión | 113 p. : |
| Otras características físicas | il. ; |
| Dimensiones | 30 cm. |
| 505 8# - NOTA DE CONTENIDO CON FORMATO | |
| Nota de contenido con formato | Contiene: Tecnología / Antoni Ubach . Identidad / Francesc Rius . Artisticidad / Elisa Valero . Hibridación / José Mª de Lapuerta . Transmitir / José Manuel + Ramón Rodríguez . Límite / Ricard Pié . Cultura / Manuel Gallego |
| 594 ## - Nota al título y mención de responsabilidad | |
| Nota al título y mención de responsabilidad | Recoge el ciclo de conferencias de título homónimo, desarrollado durante octubre y noviembre de 2011 en la ETS de Arquitectura de A Coruña |
| 650 #4 - PUNTO DE ACCESO ADICIONAL DE MATERIA--TÉRMINO DE MATERIA | |
| Término de materia o nombre geográfico como elemento de entrada | Arquitectura- |
| Subdivisión cronológica | S.XX. |
| 9 (RLIN) | 10007 |
| 650 #4 - PUNTO DE ACCESO ADICIONAL DE MATERIA--TÉRMINO DE MATERIA | |
| Término de materia o nombre geográfico como elemento de entrada | Arquitectura española- |
| Subdivisión cronológica | S.XX. |
| 9 (RLIN) | 167466 |
| 700 1# - ENTRADA AGREGADA--NOMBRE PERSONAL | |
| Nombre de persona | Carreiro, María. |
| 9 (RLIN) | 171158 |
| 700 1# - ENTRADA AGREGADA--NOMBRE PERSONAL | |
| Nombre de persona | López González, Cándido. |
| 9 (RLIN) | 173912 |
| 710 2# - ENTRADA AGREGADA--NOMBRE DE ENTIDAD CORPORATIVA | |
| Nombre de entidad corporativa o nombre de jurisdicción como elemento de entrada | Universidade da Coruña. |
| 9 (RLIN) | 173914 |
| 852 4# - LOCALIZACIÓN | |
| Ubicación | ES-MaACL |
| Número de control de estantería | A-14808 |
| itemnumber | 96218 |
| Sublocalización o colección | R.152335 |
| Ubicación en estantería | Depósito 1 |
| Signatura antigua | Olim: N-7808 |
| Donativo/Legado | Donación: Editorial |
| 942 ## - ELEMENTOS DE ENTRADA SECUNDARIOS (KOHA) | |
| Fuente del sistema de clasificación o colocación | Clasificación decimal universal |
| Estatus retirado | Estado de pérdida | Fuente del sistema de clasificación o colocación | Estado de daño | No para préstamo | Biblioteca de origen | Biblioteca actual | Ubicación en estantería | Fecha de adquisición | Fuente de adquisición | Total de préstamos | Signatura topográfica completa | Código de barras | Visto por última vez | Precio de reemplazo | Tipo de ítem Koha |
|---|---|---|---|---|---|---|---|---|---|---|---|---|---|---|---|
| Clasificación decimal universal | Biblioteca del Ateneo de Madrid | Biblioteca del Ateneo de Madrid | Depósito 1 | 22/12/2021 | Donación | A-14808 | 1202760 | 23/02/2023 | 23/02/2023 | Libro impreso |
